000 00699nam a2200217 a 4500
008
049 _aMAIN
090 _aSC Q124.6 SCI
110 _aResearch Council of Zimbabwe
245 1 0 _aRepublic of Zimbabwe Science and Technology Policy /
_cResearch Council of Zimbabwe.
260 _aHarare :
_bResearch Council of Zimbabwe ,
_c2002.
300 _ax, 50 p. :
_bill. ;
_c30 cm.
650 1 _aScience and state
_zZimbabwe.
650 _aTechnology and state
_zZimbabwe.
650 0 _aResearch
_xGovernment policy.
907 _a.b10192918
_b26-03-07
_c20-02-06
003
005 20230120153119.0
040 _cNUST
942 _cBOOKS
_kSC Q124.6 SCI
999 _c99002
_d99002